Structure and changes among the kaniyan tribe in Tamil Nadu- A study (Record no. 20852)
[ view plain ]
| 000 -LEADER | |
|---|---|
| fixed length control field | 00688nam a2200181Ia 4500 |
| 082 ## - DEWEY DECIMAL CLASSIFICATION NUMBER | |
| Classification number | RG 0187 |
| 100 ## - MAIN ENTRY--AUTHOR NAME | |
| Personal name | Gurumoorthy, V |
| 245 #0 - TITLE STATEMENT | |
| Title | Structure and changes among the kaniyan tribe in Tamil Nadu- A study |
| 260 ## - PUBLICATION, DISTRIBUTION, ETC. (IMPRINT) | |
| Year of publication | 2009 |
| Name of publisher | Indian Council of Social Science Research, New Delhi |
| 300 ## - PHYSICAL DESCRIPTION | |
| Number of Pages | 273 |
| 504 ## - BIBLIOGRAPHY, ETC. NOTE | |
| Bibliography, etc | includes appendix and bibliography |
| 650 ## - SUBJECT ADDED ENTRY--TOPICAL TERM | |
| Topical Term | Tribes |
| Geographic subdivision | India |
| -- | Tamil Nadu |
| 650 ## - SUBJECT ADDED ENTRY--TOPICAL TERM | |
| Topical Term | Social change |
| Geographic subdivision | India |
| -- | Tamil Nadu |
| 650 ## - SUBJECT ADDED ENTRY--TOPICAL TERM | |
| Topical Term | Kaniyan (South Asian people) |
| Geographic subdivision | India |
| -- | Tamil Nadu |
| 650 ## - SUBJECT ADDED ENTRY--TOPICAL TERM | |
| Topical Term | Kaniyan (South Asian people) |
| Geographic subdivision | India |
| -- | Tamil Nadu |
| Form subdivision | Social conditions |
| 650 ## - SUBJECT ADDED ENTRY--TOPICAL TERM | |
| Topical Term | Kaniyan (South Asian people) |
| Geographic subdivision | India |
| -- | Tamil Nadu |
| Form subdivision | Economic conditions |
| 942 ## - ADDED ENTRY ELEMENTS (KOHA) | |
| Koha item type | Research Reports |
| Source of classification or shelving scheme | Dewey Decimal Classification |
| Withdrawn status | Lost status | Damaged status | Not for loan | Collection code | Home library | Current library | Date acquired | Source of acquisition | Bill Date | Full call number | Accession Number | Price effective from | Koha item type |
|---|---|---|---|---|---|---|---|---|---|---|---|---|---|
| Not For Loan | ICSSR Research Project Reports | NASSDOC Library | NASSDOC Library | 10/07/2012 | Gifted by : RP Division, ICSSR | 2012-06-28 | RG 0187 | 47729 | 18/04/2019 | Research Reports |
